Tiere mit "C" aufzählen - Statistiken

Allgemein
  • Dieses Quiz wurde 238 mal gespielt
    149 seit der letzten Aktualisierung
  • Das Durchschnittsergebnis liegt bei 3 aus 9
Antwortstatistiken
Tier mit C % Korrekt
Chamäleon
84%
Chihuahua
47%
Chinchilla
41%
Clownfisch
39%
Capybara
24%
Cockerspaniel
16%
Collie
15%
Corgi
12%
C-Falter
1%
Keine übereinstimmenden Quizze gefunden
Verteilung der Resultate
Anzahl Personen mit jedem Resultat
Perzentil nach korrekt beantworteten Fragen
Ihre Resultats-Entwicklung
Sie haben dieses Quiz seit der letzten Aktualisierung nicht gespielt